[Event "IND-ch Challengers (Women) 43rd"]
[Site "Chennai"]
[Date "2016.06.22"]
[Round "8"]
[White "Krushna, Mishra"]
[Black "Akshitha, Goud Pally"]
[Result "1-0"]
[WhiteElo "1456"]
[BlackElo "1156"]
[PlyCount "55"]
[EventDate "2016.06.17"]
[EventType "swiss"]
[EventRounds "11"]
[EventCountry "IND"]
[SourceTitle "CBM 173 Extra"]
[Source "ChessBase"]
[SourceDate "2016.08.29"]
[SourceVersion "1"]
[SourceVersionDate "2016.08.29"]
[SourceQuality "1"]

1. c4 e5 2. Nc3 Nf6 3. g3 d6 4. Bg2 Nbd7 5. d3 Be7 6. Nf3 0-0 7. 0-0 c6 8. b3 Re8 9. Bb2 Nf8 10. e3 Bg4 11. h3 Bh5 12. g4 Nxg4 13. hxg4 Bxg4 14. Ne2 Qd7 15. Nh2 Bh3 16. Ng3 Ng6 17. Bxh3 Qxh3 18. Qg4 Qxg4 19. Nxg4 Nh4 20. f3 Ng6 21. Nf5 Bf8 22. Kf2 Re6 23. Rh1 h6 24. Rh3 Ne7 25. e4 Ng6 26. Bc1 Nf4 27. Bxf4 exf4 28. Nd4 1-0

[Event "IND-ch Challengers (Women) 43rd"]
[Site "Chennai"]
[Date "2016.06.19"]
[Round "4"]
[White "Krushna, Mishra"]
[Black "Malleswari, P."]
[Result "1-0"]
[WhiteElo "1456"]
[BlackElo "1097"]
[PlyCount "95"]
[EventDate "2016.06.17"]
[EventType "swiss"]
[EventRounds "11"]
[EventCountry "IND"]
[SourceTitle "CBM 173 Extra"]
[Source "ChessBase"]
[SourceDate "2016.08.29"]
[SourceVersion "1"]
[SourceVersionDate "2016.08.29"]
[SourceQuality "1"]

1. c4 c6 2. Nc3 d5 3. cxd5 cxd5 4. d4 e6 5. e3 Nf6 6. Nf3 Bb4 7. Qa4+ Nc6 8. Bb5 Bxc3+ 9. bxc3 Bd7 10. 0-0 0-0 11. Bxc6 Bxc6 12. Qb3 Rc8 13. Ne5 Ne4 14. Nxc6 Rxc6 15. Qxb7 Rc7 16. Qa6 Nxc3 17. Bd2 Ne4 18. Ba5 h6 19. Bxc7 Qxc7 20. Rfc1 Qe7 21. Rab1 Qf6 22. Rb2 g5 23. f3 e5 24. Rc6 Qg7 25. fxe4 exd4 26. exd5 dxe3 27. Qe2 Qd4 28. h3 Re8 29. Rxh6 Kg7 30. Ra6 Rc8 31. Rc6 Rd8 32. Rc4 Qxd5 33. Rc3 Re8 34. Rxe3 Qd4 35. Rbb3 a5 36. Kh1 Rc8 37. Qb2 Qxb2 38. Rxb2 Ra8 39. Rb5 f6 40. Ra3 Rd8 41. Raxa5 Kg6 42. a4 Rd4 43. Ra8 Rd1+ 44. Kh2 Ra1 45. a5 Ra4 46. a6 g4 47. hxg4 Rxg4 48. Rg8+ 1-0

[Event "IND-ch U19 Girls 28th"]
[Site "Lucknow"]
[Date "2013.07.10"]
[Round "1"]
[White "Pujari, Rucha"]
[Black "Krushna, Mishra"]
[Result "1-0"]
[WhiteElo "2156"]
[BlackElo "1532"]
[PlyCount "73"]
[EventDate "2013.07.10"]
[EventType "swiss"]
[EventRounds "11"]
[EventCountry "IND"]
[SourceTitle "CBM 155 Extra"]
[Source "ChessBase"]
[SourceDate "2013.08.26"]
[SourceVersion "1"]
[SourceVersionDate "2013.08.26"]
[SourceQuality "1"]

1. d4 d5 2. Nf3 Nf6 3. g3 e6 4. Bg2 c5 5. 0-0 cxd4 6. Nxd4 Be7 7. b3 0-0 8. Bb2 Nc6 9. Nd2 Re8 10. c4 Bf8 11. Nxc6 bxc6 12. e4 Bb7 13. Re1 Bc5 14. Qf3 Nxe4 15. Nxe4 dxe4 16. Rxe4 f6 17. Rd1 Qb6 18. Rd7 e5 19. Bxe5 Bf8 20. Bxf6 c5 21. Bxg7 Qg6 22. Rxb7 Rxe4 23. Qxe4 Qxe4 24. Bxe4 Bxg7 25. Rxg7+ Kxg7 26. Bxa8 a5 27. f4 Kf6 28. g4 h6 29. h4 Ke6 30. g5 hxg5 31. fxg5 Kf7 32. h5 Kg7 33. Be4 Kh8 34. h6 Kg8 35. g6 Kf8 36. g7+ Kg8 37. Bd5+ 1-0

[Event "IND-chB (Women) 38th"]
[Site "Chennai"]
[Date "2011.07.02"]
[Round "1"]
[White "Sahajasri, Cholleti"]
[Black "Krushna, Mishra"]
[Result "1-0"]
[WhiteElo "2023"]
[BlackElo "1634"]
[PlyCount "109"]
[EventDate "2011.07.02"]
[EventType "swiss"]
[EventRounds "11"]
[EventCountry "IND"]
[SourceTitle "CBM 143 Extra"]
[Source "ChessBase"]
[SourceDate "2011.08.29"]
[SourceVersion "1"]
[SourceVersionDate "2011.08.29"]
[SourceQuality "1"]

1. d4 d5 2. Nf3 Nf6 3. c4 e6 4. Nc3 Nbd7 5. Bg5 c6 6. cxd5 cxd5 7. e3 Qa5 8. Bd3 Bb4 9. Qc2 0-0 10. 0-0 Bxc3 11. bxc3 Re8 12. Ne5 h6 13. Bh4 Qc7 14. f4 b6 15. Rac1 Bb7 16. Qe2 Rec8 17. g4 Ne4 18. Nf3 Qd6 19. Qb2 Rc7 20. g5 h5 21. f5 exf5 22. Bxe4 fxe4 23. Bg3 Qc6 24. Bxc7 Qxc7 25. Nh4 Qd8 26. Qg2 g6 27. Qg3 Nf8 28. Ng2 Ne6 29. h4 Ng7 30. Qe5 Nf5 31. Rf2 Ba6 32. Re1 Bc4 33. Rd1 Qb8 34. Rxf5 gxf5 35. Qxf5 Qg3 36. Rd2 b5 37. Rf2 Rf8 38. Qf4 Qg4 39. Kh2 a5 40. a3 a4 41. Qe5 Qd1 42. g6 Qg4 43. gxf7+ Kh7 44. Rf5 Be2 45. Rg5 Rxf7 46. Rxg4 hxg4 47. Nf4 Kg8 48. Kg3 Bc4 49. h5 Kh7 50. Qe6 Rg7 51. h6 Rg8 52. Qf7+ Kh8 53. Ng6+ Rxg6 54. Qxg6 Bd3 55. Qg7# 1-0

[Event "IND-ch U15 Girls"]
[Site "New Delhi"]
[Date "2010.09.07"]
[Round "6"]
[White "Michelle, Catherina P"]
[Black "Krushna, Mishra"]
[Result "1-0"]
[WhiteElo "1988"]
[BlackElo "1643"]
[PlyCount "131"]
[EventDate "2010.09.04"]
[EventType "swiss"]
[EventRounds "11"]
[EventCountry "IND"]
[SourceTitle "CBM 138 Extra"]
[Source "ChessBase"]
[SourceDate "2010.10.29"]
[SourceVersion "1"]
[SourceVersionDate "2010.10.29"]
[SourceQuality "1"]

1. e4 e5 2. Nf3 Nc6 3. Bc4 Bc5 4. c3 Qe7 5. 0-0 d6 6. d4 Bb6 7. a4 a6 8. dxe5 Nxe5 9. Nxe5 dxe5 10. a5 Ba7 11. b3 Nf6 12. Ba3 Bc5 13. b4 Bd6 14. Nd2 0-0 15. Qe2 Re8 16. Bd3 Be6 17. Nc4 Bxc4 18. Bxc4 h6 19. f3 Red8 20. Bc1 Nh5 21. Be3 Nf4 22. Qb2 c6 23. g3 Nh3+ 24. Kg2 Ng5 25. h4 Ne6 26. Be2 Rd7 27. Qc2 Rad8 28. Kh3 Bb8 29. Rae1 Nc7 30. Bc4 Nb5 31. Qb3 Qf6 32. Be2 Bc7 33. Rg1 Re8 34. g4 Bb8 35. g5 hxg5 36. Bxg5 Qe6+ 37. Qxe6 Rxe6 38. Bc4 Re8 39. Bf6 Rd6 40. Rxg7+ Kh8 41. Rxf7+ Rxf6 42. Rxf6 Ba7 43. Bxb5 cxb5 44. Rd1 Re7 45. Rfd6 Rc7 46. Rd8+ Kh7 47. R1d7+ Rxd7 48. Rxd7+ Kg6 49. Rxb7 Be3 50. Rb6+ Kf7 51. Rxa6 Bd2 52. Rc6 Be1 53. a6 Bf2 54. Rc5 Bxc5 55. bxc5 Kf6 56. a7 b4 57. cxb4 Ke6 58. a8Q Kd7 59. Qb7+ Ke6 60. Qd5+ Kf6 61. c6 Ke7 62. Qxe5+ Kd8 63. Qd6+ Ke8 64. Qd7+ Kf8 65. c7 Kg8 66. c8R# 1-0